Week 4 Mens AP Poll - Statistics

General Stats
  • This quiz has been taken 5 times
  • The average score is 22 of 25
Answer Stats
Rank Change in Poll Team % Correct
8 Up 3 Alabama
100%
2 Up 2 Arizona
100%
22 Down 1 Arkansas
100%
9 Stay BYU
100%
4 Up 1 Duke
100%
12 Up 1 Gonzaga
100%
3 Down 1 Houston
100%
13 Down 5 Illinois
100%
15 Up 1 Iowa State
100%
7 Stay Michigan
100%
11 Up 6 Michigan State
100%
1 Stay Purdue
100%
14 Stay St. John's
100%
20 Down 5 Texas Tech
100%
18 Up 1 UCLA
100%
5 Down 2 UConn
100%
21 Up 1 Auburn
75%
10 Stay Florida
75%
19 Down 7 Kentucky
75%
6 Stay Louisville
75%
17 Up 3 Tennessee
75%
24 NR Vanderbilt
75%
25 NR Indiana
50%
23 Up 2 NC State
50%
16 Up 2 UNC
50%
No matching quizzes found
Score Distribution
Percent of People with Each Score
Percentile by Number Answered
Your Score History
You have not taken this quiz